MESTSKÁ KNIŽNICA GIRALTOVCE  - online katalóg 

Amerika (Record no. 19746)

000 -NÁVESTIE
fixed length control field 01030nam a2200277 a 4500
008 - ÚDAJE S PEVNOU DĹŽKOU – VŠEOBECNÉ INFORMÁCIE
fixed length control field 950609s1995 m yxo 0 slo c
040 ## - ZDROJ KATALOGIZÁCIE
Pôvodná katalogizujúca agentúra SNK
Jazyk katalogizácie slo
Prepisujúca agentúra SNK
Konvencie popisu AACR2
041 1# - KÓD JAZYKA
Kód jazyka textu/zvukovej stopy alebo samostatných nápisov slo
044 ## - KÓD KRAJINY VYDAVATEĽA/PRODUCENTA
Kód krajiny MARC xo
Kód krajiny ISO SK
080 ## - ČÍSLO MEDZINÁRODNÉHO DESATINNÉHO TRIEDENIA (MDT)
Číslo Medzinárodného desatinného triedenia (MDT) 372.891.152(73)(084.4)
080 ## - ČÍSLO MEDZINÁRODNÉHO DESATINNÉHO TRIEDENIA (MDT)
Číslo Medzinárodného desatinného triedenia (MDT) 912
020 ## - MEDZINÁRODNÉ ŠTANDARDNÉ ČÍSLO KNIHY (ISBN)
Údaje o dostupnosti 10
110 0# - HLAVNÝ VSTUP – KORPORATÍVNE MENO
Korporatívne meno alebo meno jurisdikcie ako vstupný prvok Vojenský kartografický ústav Harmanec, Slovensko
Kód roly aut
245 10 - NÁZOV
Názov Amerika
Médium kartografický dokument
Zvyšok názvu zošitové atlasy pre základné a stredné školy
Údaj o zodpovednosti atď. spracoval Vojenský kartografický ústav, š.p., Harmanec ; zodpovedný redaktor J. Vašek ; technickí redaktori R. Buday, Š. Dancs, R. Šatarová
260 ## - VYDAVATEĽSKÉ ÚDAJE, DISTRIBÚCIA ATĎ.
Miesto publikovania, distribúcie atď. Harmanec
Názov vydavateľa, distibútora atď. Vojenský kartografický ústav
Dátum publikovania, distribúcie atď. 1995
300 ## - FYZICKÝ POPIS
Ďalšie fyzické detaily hlavne mapy
650 07 - PRIDANÝ VSTUP – PREDMET – TEMATICKÉ HESLO
Tematické heslo alebo geografický názov ako vstupný prvok geografia
Všeobecný pododdiel atlasy školské
Zdroj hesla alebo termínu SNK
651 07 - PRIDANÝ VSTUP – PREDMET – GEOGRAFICKÝ NÁZOV
Geografický názov Amerika
Všeobecný pododdiel atlasy školské
Zdroj hesla alebo termínu SNK
700 1# - PRIDANÝ VSTUP – OSOBNÉ MENO
Osobné meno Vašek, J.
Kód roly lso
700 1# - PRIDANÝ VSTUP – OSOBNÉ MENO
Osobné meno Buday, R.
Kód roly lso
700 1# - PRIDANÝ VSTUP – OSOBNÉ MENO
Osobné meno Dancs, Š.
Kód roly lso
700 1# - PRIDANÝ VSTUP – OSOBNÉ MENO
Osobné meno Šatarová, R.
Kód roly lso
760 1# -
-- Edícia zošitových atlasov
923 ## -
-- atlas zemepisný
-- viazaný
-- pre školy
958 ## - Formálny deskriptor
Formálny deskriptor CAT
Holdings
Stav stiahnutia (Blokovanie) (Withrawn status) Stav straty Stav poškodenia (Damaged status) Nie pre výpožičky (Not for loan) Spôsob nadobudnutia (Collection code) Trvalé umiestnenie Aktuálne umiestnenie Dátum nadobudnutia Náklady, bežná kúpna cena Inventárne číslo (prírastkové číslo) Full call number Dátum posledného výskytu Cena s účinnosťou od Typ jednotky Koha
        Kúpa Mestská knižnica Giraltovce Mestská knižnica Giraltovce 2019-11-29 1995.00 18237 I 1533 2019-11-29 2019-11-29 Odborná literatúra pre dospelých

Powered by Koha